[Event "Reykjavik Open 2018"]
[Site "Reykjavik ISL"]
[Date "2018.03.08"]
[Round "4.76"]
[White "Loftsson, Hrafn"]
[Black "Sigurthorsson, Kristinn J"]
[Result "1-0"]
[WhiteElo "2169"]
[BlackElo "1744"]
[WhiteFideId "2300729"]
[BlackFideId "2311585"]
[EventDate "2018.03.06"]

1. d4 d5 2. c4 c6 3. Nf3 Nf6 4. Qb3 dxc4 5. Qxc4 Be6 6. Qc2 g6 7. Nc3 Bg7 8. e3
O-O 9. Be2 Bf5 10. e4 Bg4 11. Be3 Nbd7 12. O-O Rc8 13. Rfd1 Qa5 14. Qb3 e5 15.
d5 c5 16. h3 Bxf3 17. Bxf3 a6 18. d6 b5 19. Nd5 Nxd5 20. Rxd5 Rfd8 21. Bg5 c4
22. Qc2 f6 23. Bd2 Qb6 24. Bg4 Rc6 25. Be3 Qb8 26. a4 b4 27. Be2 c3 28. Qb3 cxb2
29. Qxb2 Rxd6 30. Rxd6 Qxd6 31. Rd1 Qc6 32. Qb3+ Kf8 33. Qxb4+ Kg8 34. Qe7 Qc8
35. Bb6 1-0

[Event "Reykjavik Open 2018"]
[Site "Reykjavik ISL"]
[Date "2018.03.08"]
[Round "4.77"]
[White "Alderson, John K A"]
[Black "Jacobsen, Mikkel Manosri"]
[Result "0-1"]
[BlackTitle "FM"]
[WhiteElo "1824"]
[BlackElo "2161"]
[WhiteFideId "422711"]
[BlackFideId "1444514"]
[EventDate "2018.03.06"]

1. c4 Nf6 2. Nf3 b6 3. g3 Bb7 4. Bg2 c5 5. O-O g6 6. Nc3 Bg7 7. d3 O-O 8. Rb1
Nc6 9. a3 d5 10. cxd5 Nxd5 11. Bd2 Rc8 12. Nxd5 Qxd5 13. Bc3 Nd4 14. Ne1 Qd7 15.
Bxb7 Qxb7 16. e3 Nf5 17. Nf3 Bxc3 18. bxc3 Rfd8 19. d4 cxd4 20. cxd4 Rc3 21. a4
Rdc8 22. Ne5 Rc2 23. Qd3 f6 24. Qb3+ Kh8 25. Nd3 Nxe3 26. Nf4 Nxf1 27. Qf7 Nd2
28. Nxg6+ hxg6 29. Qxg6 Rc1+ 30. Rxc1 Rxc1# 0-1

[Event "Reykjavik Open 2018"]
[Site "Reykjavik ISL"]
[Date "2018.03.08"]
[Round "4.78"]
[White "Karlsson, Mikael Johann"]
[Black "Magnusdottir, Veronika Steinunn"]
[Result "1-0"]
[WhiteElo "2150"]
[BlackElo "1735"]
[WhiteFideId "2305194"]
[BlackFideId "2309114"]
[EventDate "2018.03.06"]

1. Nf3 d5 2. g3 c6 3. Bg2 Bf5 4. d3 e6 5. O-O Nf6 6. b3 Nbd7 7. Bb2 Bd6 8. Re1
Bb4 9. Nbd2 O-O 10. a3 Ba5 11. Rc1 Bb6 12. h3 h6 13. e4 dxe4 14. dxe4 Bh7 15. e5
Nd5 16. c4 Ne7 17. Qe2 Nc5 18. Red1 Nd3 19. Ne4 Bxe4 20. c5 Nxc1 21. Bxc1 Bd5
22. cxb6 Qxb6 23. b4 Rfd8 24. Be3 Qc7 25. Bc5 b6 26. Bd6 Qb7 27. Nd2 Bxg2 28.
Kxg2 c5+ 29. Ne4 cxb4 30. Qf3 Nd5 31. Bxb4 a5 32. Bd2 Qe7 33. Qh5 Rac8 34. Re1
Rc2 35. Kg1 Qxa3 36. Bxh6 gxh6 37. Qxh6 Qe7 38. Ng5 f5 39. Qg6+ Qg7 40. Qxe6+
Kf8 41. Qxf5+ Ke8 42. Qe6+ Ne7 43. Ne4 Qg6 44. Nf6+ Kf8 45. Qxb6 Rdd2 46. Qb8+
Nc8 47. e6 Qxf6 48. e7+ Ke8 49. Qb5+ Rc6 50. Qh5+ Kd7 51. e8=Q+ Kc7 52. Qxa5+ 1-0

[Event "Reykjavik Open 2018"]
[Site "Reykjavik ISL"]
[Date "2018.03.08"]
[Round "4.79"]
[White "Baldursson, Hrannar"]
[Black "Carroll, Peter"]
[Result "1-0"]
[WhiteElo "2130"]
[BlackElo "1733"]
[WhiteFideId "2301156"]
[BlackFideId "2510243"]
[EventDate "2018.03.06"]

1. c4 e5 2. Nc3 Nf6 3. g3 d5 4. cxd5 Nxd5 5. Bg2 Nb6 6. Nf3 Nc6 7. O-O Be7 8. d3
Be6 9. Be3 O-O 10. Rc1 f6 11. a3 a5 12. Ne4 a4 13. Nc5 Bxc5 14. Bxc5 Re8 15. Nd2
Bd5 16. Bxd5+ Nxd5 17. b4 axb3 18. Qxb3 Na5 19. Qa2 Kh8 20. a4 f5 21. Nf3 f4 22.
e4 fxe3 23. fxe3 e4 24. dxe4 Rxe4 25. Nh4 Qd7 26. Rf3 b6 27. Rcf1 Rg8 28. Bd4 c5
29. Rf7 Qe6 30. Ba1 Rxe3 31. Rxg7 1-0

[Event "Reykjavik Open 2018"]
[Site "Reykjavik ISL"]
[Date "2018.03.08"]
[Round "4.80"]
[White "Hansen, Ib Lynaes"]
[Black "Halldorsson, Bragi"]
[Result "0-1"]
[WhiteElo "1822"]
[BlackElo "2126"]
[WhiteFideId "1407511"]
[BlackFideId "2300907"]
[EventDate "2018.03.06"]

1. e4 c6 2. d4 d5 3. Nc3 dxe4 4. Nxe4 Bf5 5. Ng3 Bg6 6. Nf3 Nd7 7. Nh4 e6 8.
Nxg6 hxg6 9. Bd3 Qc7 10. Be3 Bd6 11. Qf3 Ngf6 12. O-O-O O-O-O 13. h3 Kb8 14. Kb1
e5 15. Ne4 Nxe4 16. Bxe4 f5 17. Bd3 e4 18. Bxe4 fxe4 19. Qxe4 Nb6 20. Qxg6 Nc4
21. Bc1 Bf4 22. Qd3 Nb6 23. g3 Bxc1 24. Rxc1 c5 25. c3 Qd7 26. Rcd1 Rxh3 27.
Rxh3 Qxh3 28. Qe4 Qh5 29. Rh1 Qd5 30. Qf4+ Ka8 31. Re1 cxd4 32. cxd4 a6 33. Rd1
Na4 34. Qe3 Nc5 35. Qe7 Ne6 36. Re1 Nxd4 37. Qxg7 Qf5+ 38. Ka1 Nc2+ 39. Kb1 Na3+
40. Ka1 Qb1+ 41. Rxb1 Nc2# 0-1

[Event "Reykjavik Open 2018"]
[Site "Reykjavik ISL"]
[Date "2018.03.08"]
[Round "4.81"]
[White "Bucher, Grant W"]
[Black "Kurt, Herbert"]
[Result "1-0"]
[WhiteElo "2121"]
[BlackElo "1682"]
[WhiteFideId "413810"]
[BlackFideId "16232526"]
[EventDate "2018.03.06"]

1. e4 e6 2. d4 d5 3. Nc3 Nf6 4. e5 Ne4 5. Nce2 f6 6. Nf4 Ng5 7. Qh5+ Nf7 8. exf6
Qxf6 9. c3 g6 10. Qe2 c6 11. Nd3 Bg7 12. f4 O-O 13. Nf3 b6 14. Nfe5 Ba6 15. Be3
Nxe5 16. fxe5 Qe7 17. O-O-O Bxd3 18. Qxd3 c5 19. h4 cxd4 20. cxd4 Nc6 21. Kb1
Nb4 22. Qd2 Rac8 23. Bg5 1-0

[Event "Reykjavik Open 2018"]
[Site "Reykjavik ISL"]
[Date "2018.03.08"]
[Round "4.82"]
[White "Holm, Fridgeir K"]
[Black "Petersson, Baldur Teodor"]
[Result "0-1"]
[BlackTitle "CM"]
[WhiteElo "1746"]
[BlackElo "2073"]
[WhiteFideId "2307324"]
[BlackFideId "2309157"]
[EventDate "2018.03.06"]

1. e4 c5 2. Nf3 e6 3. d4 cxd4 4. Nxd4 a6 5. c4 Qc7 6. Nc3 Nf6 7. a3 b6 8. Be2
Bb7 9. f3 Be7 10. O-O d6 11. Be3 Nbd7 12. Rc1 Rd8 13. b3 O-O 14. Qc2 Qb8 15. Bd3
Rfe8 16. Qf2 d5 17. exd5 exd5 18. Nf5 Bxa3 19. Rc2 Bc5 20. cxd5 Nxd5 21. Nxd5
Bxd5 22. Qh4 Bxe3+ 23. Nxe3 Rxe3 24. Bxh7+ Kf8 25. Rd2 Nf6 26. Bc2 Be6 27. Qh8+
Ke7 28. Rxd8 Qxd8 29. Qxg7 Qd4 30. Kh1 Qd2 0-1

[Event "Reykjavik Open 2018"]
[Site "Reykjavik ISL"]
[Date "2018.03.08"]
[Round "4.83"]
[White "Ebner, Johann"]
[Black "Henderson, S E"]
[Result "1-0"]
[WhiteElo "2070"]
[BlackElo "1582"]
[WhiteFideId "1603957"]
[BlackFideId "2081679"]
[EventDate "2018.03.06"]

1. d4 Nf6 2. c4 e6 3. Nf3 d5 4. Nc3 Nbd7 5. Bf4 c6 6. e3 Bb4 7. Qb3 Be7 8. Bd3
O-O 9. h3 Re8 10. O-O dxc4 11. Bxc4 Nf8 12. e4 h6 13. Rfd1 Qb6 14. Qc2 Bb4 15.
a3 Bxc3 16. bxc3 Qa5 17. Bd3 c5 18. Ne5 Bd7 19. Qb2 cxd4 20. cxd4 Bc6 21. Nxc6
bxc6 22. Rdc1 Rac8 23. Rc5 Qb6 24. Qc3 N8d7 25. Rb1 Qd8 26. Ra5 Ra8 27. Ra6 c5
28. dxc5 Nxc5 29. Rd6 Qc8 30. Qc2 Nxd3 31. Qxd3 Qc7 32. Be3 Nxe4 33. Rd7 Nc5 34.
Rxc7 Nxd3 35. Rbb7 Ne5 36. Bc1 Nd3 37. Rxf7 e5 38. Rxg7+ Kh8 39. Rh7+ Kg8 40.
Be3 a5 41. Rbg7+ 1-0

[Event "Reykjavik Open 2018"]
[Site "Reykjavik ISL"]
[Date "2018.03.08"]
[Round "4.84"]
[White "Thorsson, Pall"]
[Black "Lunn, Matthew"]
[Result "0-1"]
[WhiteElo "1693"]
[BlackElo "2069"]
[WhiteFideId "2304406"]
[BlackFideId "405485"]
[EventDate "2018.03.06"]

1. e4 c5 2. Nc3 Nc6 3. g3 g6 4. Bg2 Bg7 5. Nge2 d6 6. O-O Nf6 7. d3 O-O 8. h3
Rb8 9. g4 b5 10. Ng3 b4 11. Nce2 Nd4 12. f4 Nd7 13. Rb1 a5 14. Be3 Ba6 15. Nxd4
cxd4 16. Bd2 a4 17. b3 a3 18. h4 e5 19. f5 Qxh4 20. Kf2 Bh6 21. Qc1 Bxd2 22.
Qxd2 Qxg4 23. Bf3 Qf4 24. Qd1 Rfc8 25. Kg2 Rc7 26. Bg4 Qg5 27. fxg6 hxg6 28. Nf5
Nf6 29. Nh6+ Kg7 30. Nf5+ gxf5 0-1

[Event "Reykjavik Open 2018"]
[Site "Reykjavik ISL"]
[Date "2018.03.08"]
[Round "4.86"]
[White "Thorhallsson, Simon"]
[Black "Briem, Benedikt"]
[Result "1-0"]
[WhiteElo "2060"]
[BlackElo "1560"]
[WhiteFideId "2310090"]
[BlackFideId "2315432"]
[EventDate "2018.03.06"]

1. d4 e6 2. c4 f5 3. g3 Nf6 4. Bg2 Be7 5. Nf3 O-O 6. O-O d6 7. b3 a5 8. Nc3 Ne4
9. Bb2 Qe8 10. Nd2 Nxc3 11. Bxc3 Nd7 12. e4 f4 13. Qe2 e5 14. d5 Nc5 15. a3 g5
16. Bf3 Bh3 17. Rfe1 Qc8 18. b4 axb4 19. axb4 Na4 20. Qd3 g4 21. Bd1 Nxc3 22.
Rxa8 Qxa8 23. Qxc3 Bg5 24. c5 fxg3 25. hxg3 Rf7 26. Nc4 Qf8 27. Qc2 h5 28. Ne3
Bxe3 29. Rxe3 Qc8 30. Qa4 Qf8 31. Qc2 Qa8 32. Qb2 dxc5 33. d6 Kh7 34. Qxe5 Qa6
35. Qxh5+ Kg7 36. Qg5+ Kh7 37. Qh5+ Kg7 38. Qg5+ Kh7 39. Re1 Qa2 40. Qe3 Qa6 41.
e5 cxd6 42. e6 Re7 43. Bc2+ 1-0

[Event "Reykjavik Open 2018"]
[Site "Reykjavik ISL"]
[Date "2018.03.08"]
[Round "4.87"]
[White "Kumar, Naman"]
[Black "Heidarsson, Arnar"]
[Result "0-1"]
[WhiteElo "2045"]
[BlackElo "1557"]
[WhiteFideId "30908922"]
[BlackFideId "2312875"]
[EventDate "2018.03.06"]

1. e4 c5 2. Nf3 d6 3. d4 cxd4 4. Nxd4 Nf6 5. Nc3 a6 6. f3 e5 7. Nb3 Be6 8. Be3
Be7 9. Qd2 O-O 10. g4 b5 11. g5 Nh5 12. Nd5 Bxd5 13. exd5 f5 14. gxf6 Bxf6 15.
O-O-O Nf4 16. Bxf4 exf4 17. Rg1 Nd7 18. Kb1 Be5 19. Bh3 Nb6 20. Nd4 Nc4 21. Qf2
Qb6 22. b3 Ne3 23. Nc6 Bf6 24. Rd2 Qc5 25. Rd3 a5 26. Be6+ Kh8 27. Rh1 b4 28. h4
a4 29. h5 Ra6 30. Re1 Rfa8 31. Qd2 axb3 32. cxb3 Rxa2 33. Rd4 Ra1+ 0-1

[Event "Reykjavik Open 2018"]
[Site "Reykjavik ISL"]
[Date "2018.03.08"]
[Round "4.89"]
[White "Kvamme, Ingrid Jodre"]
[Black "Arnarsson, Hrannar"]
[Result "0-1"]
[WhiteElo "1576"]
[BlackElo "2029"]
[WhiteFideId "1516981"]
[BlackFideId "2301121"]
[EventDate "2018.03.06"]

1. Nf3 Nf6 2. g3 g6 3. Bg2 Bg7 4. O-O O-O 5. c4 c6 6. Nc3 d5 7. cxd5 cxd5 8. d4
Nc6 9. Bf4 Nh5 10. Be3 a6 11. Rc1 Bg4 12. h3 Bxf3 13. Bxf3 Nf6 14. Na4 Ne4 15.
Nc5 Nxc5 16. Rxc5 e6 17. Qd2 Qb6 18. Rfc1 Rfe8 19. a3 Qb3 20. R5c3 Qa4 21. Rd3
Rac8 22. b4 a5 23. Rb1 axb4 24. axb4 Qb5 25. Rc3 Ra8 26. Rc5 Qb6 27. b5 Bf8 28.
Rcc1 Na5 29. Qd3 Bg7 30. Rb4 Nc6 31. Rbb1 Nxd4 32. Kh1 Ra4 33. Bxd4 Qxd4 34.
Qxd4 Bxd4 35. e3 Be5 36. Rc5 Ra2 37. Kg2 Bd6 38. Rc3 b6 39. Rcc1 Bc5 40. Ra1
Rea8 41. Rxa2 Rxa2 42. Bd1 Bxe3 43. Rc2 Rxc2 44. Bxc2 Bc5 45. Kf3 h5 46. Ke2 Bd6
47. f4 h4 48. Kf3 hxg3 49. Kxg3 g5 0-1

[Event "Reykjavik Open 2018"]
[Site "Reykjavik ISL"]
[Date "2018.03.08"]
[Round "4.90"]
[White "Marentini, Marcel"]
[Black "Karlsson, Isak Orri"]
[Result "1-0"]
[WhiteElo "2024"]
[BlackElo "1288"]
[WhiteFideId "1318730"]
[BlackFideId "2312530"]
[EventDate "2018.03.06"]

1. Nf3 Nf6 2. c4 c5 3. g3 g6 4. b3 Nc6 5. Bb2 Bg7 6. Bg2 d6 7. O-O O-O 8. d4 Nh5
9. Qd2 cxd4 10. Nxd4 Bxd4 11. Bxd4 Nxd4 12. Qxd4 Qc7 13. Nc3 Bf5 14. e3 Qd7 15.
Rfd1 Bh3 16. Bh1 Ng7 17. Nd5 Ne6 18. Qh4 Ng7 19. Qxe7 Qg4 20. Nf6+ 1-0

[Event "Reykjavik Open 2018"]
[Site "Reykjavik ISL"]
[Date "2018.03.08"]
[Round "4.91"]
[White "Stefansson, Benedikt"]
[Black "Magnusson, Magnus"]
[Result "0-1"]
[WhiteElo "1297"]
[BlackElo "2023"]
[WhiteFideId "2312379"]
[BlackFideId "2302128"]
[EventDate "2018.03.06"]

1. e4 e5 2. Nf3 Nc6 3. Bc4 Nf6 4. d3 Bc5 5. c3 O-O 6. O-O d5 7. exd5 Nxd5 8. b4
Be7 9. Re1 Bf6 10. a4 e4 11. Bxd5 Qxd5 12. Rxe4 Bf5 13. Re3 Nxb4 14. Ba3 c5 15.
d4 Nc2 16. Bxc5 Rfd8 17. Na3 Nxe3 18. fxe3 b6 19. Bb4 Qe6 20. Nb5 Qxe3+ 21. Kh1
a6 22. Nd6 Bd3 23. Qb3 Qe6 24. c4 Bg6 25. Re1 Qd7 26. Ne5 Bxe5 27. Rxe5 a5 28.
Ba3 Qc6 29. d5 Qd7 30. Qe3 Qxa4 31. h4 h5 32. c5 Qxh4+ 33. Kg1 bxc5 34. Bxc5 a4
35. Ba3 Rab8 36. Nb5 Rxb5 37. Re8+ Kh7 0-1

[Event "Reykjavik Open 2018"]
[Site "Reykjavik ISL"]
[Date "2018.03.08"]
[Round "4.92"]
[White "Edvardsson, Kristjan"]
[Black "Jonsson, Sveinbjorn"]
[Result "1-0"]
[WhiteElo "2217"]
[BlackElo "1682"]
[WhiteFideId "2300893"]
[BlackFideId "2303248"]
[EventDate "2018.03.06"]

1. g3 g6 2. Bg2 c6 3. c4 Bg7 4. Nc3 Nf6 5. e4 d6 6. Nge2 e5 7. h3 Nbd7 8. d3 O-O
9. Rb1 Nc5 10. b4 Ne6 11. Be3 b6 12. O-O Bb7 13. f4 c5 14. fxe5 dxe5 15. bxc5
Nd7 16. cxb6 axb6 17. Qd2 Ndc5 18. Nd5 Bxd5 19. cxd5 Nd4 20. Rb4 Ra3 21. Nxd4
exd4 22. Bxd4 Rxd3 23. Qf2 Bxd4 24. Rxd4 Qd6 25. Kh2 h5 26. Rxd3 Nxd3 27. Qf6
Qb8 28. d6 Nc5 29. e5 Qc8 30. Bd5 Ne6 31. Bxe6 Qxe6 32. Qxe6 fxe6 33. Rxf8+ Kxf8 1-0

[Event "Reykjavik Open 2018"]
[Site "Reykjavik ISL"]
[Date "2018.03.08"]
[Round "4.93"]
[White "Vignisson, Ingvar Egill"]
[Black "Kvamme, John A"]
[Result "0-1"]
[WhiteElo "1656"]
[BlackElo "2108"]
[WhiteFideId "2309270"]
[BlackFideId "1500562"]
[EventDate "2018.03.06"]

1. e4 c5 2. Nf3 g6 3. d4 Bg7 4. Nc3 cxd4 5. Nxd4 Nc6 6. Be3 Nf6 7. Bc4 Qa5 8. f3
Qb4 9. Nxc6 bxc6 10. Bb3 d6 11. Qd2 Bd7 12. a3 Qb7 13. O-O O-O 14. Rab1 Rab8 15.
Ba2 c5 16. Bg5 Bc6 17. Nd5 Bxd5 18. exd5 Rfe8 19. Rfe1 Qa6 20. Qe2 Qxe2 21. Rxe2
h6 22. Bd2 Nd7 23. b3 Kf8 24. Rbe1 h5 25. Bc1 Bf6 26. f4 Nb6 27. c4 a5 28. Kf1
a4 29. Re3 axb3 30. Bxb3 Ra8 31. f5 Bg5 32. Rf3 Bxc1 33. Rxc1 Rxa3 34. fxg6 f6
35. Bd1 Rxf3+ 36. Bxf3 h4 37. g3 hxg3 38. hxg3 Kg7 39. Be4 Nd7 40. Ra1 Ne5 41.
Ra7 Nxc4 42. Bd3 Ne5 43. Bb5 Rb8 44. Rxe7+ Kxg6 45. Be8+ Kf5 46. Re6 c4 47. Ke1
c3 48. Kd1 Rb2 49. Ba4 Rd2+ 50. Kc1 Nd3+ 51. Kb1 Rb2+ 52. Ka1 Nc5 53. g4+ Kg5
54. Re8 Nxa4 55. Rg8+ Kf4 56. Ra8 Nc5 57. g5 Nb3# 0-1

[Event "Reykjavik Open 2018"]
[Site "Reykjavik ISL"]
[Date "2018.03.08"]
[Round "4.94"]
[White "Coleman, David J"]
[Black "Steingrimsson, Karl Egill"]
[Result "1-0"]
[WhiteTitle "CM"]
[WhiteElo "2107"]
[BlackElo "1659"]
[WhiteFideId "402087"]
[BlackFideId "2304791"]
[EventDate "2018.03.06"]

1. e4 g6 2. d4 e6 3. Nc3 Bg7 4. Nf3 d6 5. Be3 Ne7 6. Qd2 h6 7. h4 d5 8. e5 Nd7
9. Be2 a6 10. g4 b6 11. Ng1 c5 12. f4 Bb7 13. Nf3 Qc7 14. Nd1 b5 15. c3 c4 16.
Nf2 a5 17. Bd1 Nb6 18. h5 O-O-O 19. Bc2 Rdf8 20. Ke2 Ba6 21. Rag1 b4 22. a3 b3
23. Bb1 Rfg8 24. Rg2 Bf8 25. Rgh2 Bg7 26. hxg6 fxg6 27. Nh4 Bf8 28. f5 exf5 29.
gxf5 gxf5 30. Nxf5 Nxf5 31. Bxf5+ Kb7 32. Bxh6 Kc6 33. Bxf8 Rxh2 34. Rxh2 Rxf8
35. Qh6+ 1-0

[Event "Reykjavik Open 2018"]
[Site "Reykjavik ISL"]
[Date "2018.03.08"]
[Round "4.95"]
[White "Yu, Henry"]
[Black "Gardarsson, Hordur"]
[Result "1-0"]
[WhiteElo "2051"]
[BlackElo "1647"]
[WhiteFideId "30942683"]
[BlackFideId "2303604"]
[EventDate "2018.03.06"]

1. d4 Nf6 2. c4 e6 3. g3 d5 4. Nf3 dxc4 5. Bg2 Nbd7 6. Qa4 Bd6 7. O-O O-O 8.
Qxc4 Rb8 9. Nc3 Re8 10. Rd1 c6 11. e4 Be7 12. a4 Qa5 13. Bf4 Ra8 14. h3 Nf8 15.
Rab1 Qb4 16. Qe2 Ng6 17. Bd2 Qb6 18. b4 Bd7 19. b5 Bf8 20. bxc6 Qxc6 21. h4 h5
22. Ng5 Qc7 23. e5 Ng4 24. Rxb7 Qd8 25. Be3 Rc8 26. d5 Rxc3 27. dxe6 Bxe6 28.
Rxd8 Rxd8 29. Nxe6 fxe6 30. Bg5 Rdc8 31. Be4 N6xe5 32. Kg2 Nf3 33. Bxf3 Rc2 34.
Qxe6+ Kh8 35. Bxg4 hxg4 36. Qxg4 Bc5 37. Qh5+ 1-0

[Event "Reykjavik Open 2018"]
[Site "Reykjavik ISL"]
[Date "2018.03.08"]
[Round "4.96"]
[White "Fjallheim, Elmar Reinert"]
[Black "Arnalds, Stefan"]
[Result "1-0"]
[WhiteElo "1644"]
[BlackElo "1999"]
[WhiteFideId "7201095"]
[BlackFideId "2304821"]
[EventDate "2018.03.06"]

1. e4 c5 2. c3 e6 3. Nf3 d5 4. e5 Nc6 5. d4 Qb6 6. a3 Bd7 7. b4 cxd4 8. cxd4
Nge7 9. Bb2 Nf5 10. g4 Nfe7 11. Nbd2 Ng6 12. h4 O-O-O 13. Rc1 Kb8 14. Nb3 Be7
15. Qd2 Rc8 16. Nc5 Bxc5 17. Rxc5 Nce7 18. h5 Nf8 19. Bd3 Be8 20. Ke2 Rxc5 21.
bxc5 Qc7 22. Rb1 Nc6 23. Bc3 Bd7 24. a4 Ka8 25. a5 a6 26. Rb6 Bc8 27. Qg5 g6 28.
Qf6 Rg8 29. h6 Nd8 30. Qg7 Nd7 31. Qxg8 Nxb6 32. axb6 1-0

[Event "Reykjavik Open 2018"]
[Site "Reykjavik ISL"]
[Date "2018.03.08"]
[Round "4.97"]
[White "Hjaltason, Elvar Orn"]
[Black "Mancini, Giustino"]
[Result "1/2-1/2"]
[WhiteElo "1639"]
[BlackElo "1905"]
[WhiteFideId "2315084"]
[BlackFideId "806285"]
[EventDate "2018.03.06"]

1. e4 d5 2. exd5 Qxd5 3. Nc3 Qd6 4. Nf3 Nf6 5. d4 c6 6. Be2 Bf5 7. Be3 Nbd7 8.
O-O e6 9. Qc1 Qc7 10. Bf4 Bd6 11. Bxd6 Qxd6 12. h3 h6 13. Nd1 O-O 14. Ne3 Bg6
15. Nc4 Qc7 16. Nce5 Be4 17. Re1 c5 18. Bb5 Bxf3 19. Nxf3 c4 20. Bxd7 Nxd7 21.
c3 b5 22. Ne5 a5 23. Nxd7 Qxd7 24. a3 Rab8 25. Re5 Rfc8 26. Qd2 f6 27. Re2 Rc6
28. Rae1 Rd6 29. Qe3 b4 30. axb4 axb4 1/2-1/2

[Event "Reykjavik Open 2018"]
[Site "Reykjavik ISL"]
[Date "2018.03.08"]
[Round "4.98"]
[White "Chan, Daniel"]
[Black "Halldorsson, Haukur"]
[Result "1-0"]
[WhiteElo "1816"]
[BlackElo "1569"]
[WhiteFideId "142050"]
[BlackFideId "2305089"]
[EventDate "2018.03.06"]

1. d4 d5 2. Bf4 c6 3. Nd2 Bf5 4. e3 Nf6 5. c4 dxc4 6. Bxc4 e6 7. Ngf3 Nbd7 8.
O-O Be7 9. h3 O-O 10. Nh4 Bg6 11. Nxg6 hxg6 12. Nf3 Nb6 13. Bd3 Nfd5 14. Bg3 Nb4
15. Be2 N4d5 16. e4 Nf6 17. Bd3 Nfd7 18. Qe2 Rc8 19. Rfd1 Nf6 20. Bc2 Ne8 21.
Rac1 Bg5 22. Nxg5 Qxg5 23. Bb3 Qe7 24. Rc3 Rd8 25. Rcd3 c5 26. dxc5 Rxd3 27.
Rxd3 Qxc5 28. Rc3 Qb4 29. Qd3 Qe7 30. Qd4 Qf6 31. Be5 Qe7 32. Bb8 Qd7 33. Qxd7
Nxd7 34. Bxa7 b6 35. Rc6 Nef6 36. f3 Nc5 37. Rxb6 Ra8 38. Rb8+ Rxb8 39. Bxb8
Nfd7 40. Bd6 Nxb3 41. axb3 f6 42. Kf1 Kf7 43. Ke2 e5 44. b4 Ke6 45. Bc5 f5 46.
exf5+ gxf5 47. Kd3 Kd5 48. b3 Nxc5+ 49. bxc5 Kxc5 50. g4 g6 51. gxf5 gxf5 52. h4 1-0

[Event "Reykjavik Open 2018"]
[Site "Reykjavik ISL"]
[Date "2018.03.08"]
[Round "4.99"]
[White "Hrafnsson, Hreinn"]
[Black "Berg, Margar M."]
[Result "1-0"]
[WhiteElo "1637"]
[BlackElo "1811"]
[WhiteFideId "2304686"]
[BlackFideId "7200021"]
[EventDate "2018.03.06"]

1. d4 d5 2. c4 e6 3. Nc3 Nf6 4. e3 Be7 5. Nf3 O-O 6. Bd3 dxc4 7. Bxc4 c6 8. a4
Qc7 9. O-O Nbd7 10. Qc2 e5 11. Bd3 exd4 12. exd4 Rd8 13. Ng5 Nf8 14. g3 Rxd4 15.
Nb5 Qd8 16. Nxd4 Qxd4 17. Be3 Qb4 18. Bc4 Be6 19. Nxe6 fxe6 20. Rfe1 Nd5 21. Bd2
Qd6 22. Rad1 Qd7 23. Bc3 Qe8 24. Bd4 Qf7 25. Qe4 Bf6 26. Bc5 Re8 27. Bxf8 Kxf8
28. Qxh7 g6 29. Qxf7+ Kxf7 30. Bxd5 cxd5 31. Ra1 Bxb2 32. Rab1 Bc3 33. Rxb7+ Re7
34. Rxe7+ Kxe7 35. Rb1 a5 36. Kf1 Kd6 37. Ke2 Kc5 38. Kd3 Bb4 39. f3 Kd6 40. h4
Bc5 41. g4 Ke5 42. Rb8 Kf6 43. Rb5 Bf2 44. Rxa5 Bxh4 45. Rb5 Ke5 46. a5 Bf2 47.
a6 Kd6 48. Rb7 Kc6 49. Rf7 1-0

[Event "Reykjavik Open 2018"]
[Site "Reykjavik ISL"]
[Date "2018.03.08"]
[Round "4.100"]
[White "Meier, Gerd"]
[Black "Gudmundsson, Gunnar Erik"]
[Result "1/2-1/2"]
[WhiteElo "1804"]
[BlackElo "1511"]
[WhiteFideId "4682971"]
[BlackFideId "2314339"]
[EventDate "2018.03.06"]

1. e4 c5 2. Nf3 e6 3. d4 cxd4 4. Nxd4 a6 5. c4 Qc7 6. Nc3 Nf6 7. Be3 b6 8. Bd3
Bb7 9. O-O Bb4 10. f3 O-O 11. Rc1 d6 12. Kh1 Nbd7 13. a3 Bxc3 14. Rxc3 Rfd8 15.
Qd2 Qb8 16. b4 Ne5 17. Bb1 d5 18. cxd5 exd5 19. Bf4 Re8 20. Rfc1 dxe4 21. fxe4
Qd8 22. Bxe5 Rxe5 23. Nf3 Qxd2 24. Nxd2 h6 25. Nc4 Re6 26. e5 Ne8 27. Bf5 Rc6
28. Be4 Rc7 29. Bxb7 Rxb7 30. Nd6 Rd7 31. Rc8 Rd8 32. Rxa8 Rxa8 33. Rc6 b5 34.
g3 Kf8 35. Kg2 Ke7 36. Nxe8 Kxe8 37. Kf3 Kd7 38. Rd6+ Ke7 39. Ke4 a5 40. Kd5
axb4 41. axb4 Ra2 42. Kc5 Rxh2 43. Kxb5 Rh5 44. Rd5 Rg5 45. Kc6 Rxg3 46. b5 1/2-1/2

[Event "Reykjavik Open 2018"]
[Site "Reykjavik ISL"]
[Date "2018.03.08"]
[Round "4.101"]
[White "Kreken, Eivind Grunt"]
[Black "Opasiak, Dustin Tennessee"]
[Result "1/2-1/2"]
[WhiteElo "1612"]
[BlackElo "1797"]
[WhiteFideId "1532359"]
[BlackFideId "24630217"]
[EventDate "2018.03.06"]

1. d4 c5 2. d5 e5 3. e4 d6 4. Nf3 Nf6 5. Bd3 Be7 6. c4 O-O 7. Nc3 Ne8 8. a3 g6
9. h3 f5 10. b4 b6 11. Bd2 Nd7 12. Qc1 Ng7 13. Bg5 Bxg5 14. Qxg5 Nf6 15. Qd2
fxe4 16. Nxe4 Bf5 17. Nfg5 Nxe4 18. Nxe4 Bxe4 19. Bxe4 Rf4 20. Qe2 Nf5 21. g3
Nd4 22. Qd3 Rf7 23. O-O Qg5 24. Qe3 Qh5 25. Kg2 Raf8 26. f3 Nf5 27. Qd2 Nd4 28.
Qe3 Nf5 29. Qd2 Nd4 30. Qe3 1/2-1/2

[Event "Reykjavik Open 2018"]
[Site "Reykjavik ISL"]
[Date "2018.03.08"]
[Round "4.102"]
[White "Pedersen, Soren Sandmann"]
[Black "Sigurvaldason, Hjalmar"]
[Result "0-1"]
[WhiteElo "1794"]
[BlackElo "1499"]
[WhiteFideId "30929717"]
[BlackFideId "2306018"]
[EventDate "2018.03.06"]

1. d4 d5 2. c4 c6 3. cxd5 cxd5 4. Bf4 Nc6 5. e3 Nf6 6. Nc3 Bf5 7. Qb3 Qd7 8. Nf3
a6 9. Ne5 Nxe5 10. dxe5 Nh5 11. Qxd5 Nxf4 12. Qxd7+ Bxd7 13. exf4 e6 14. Be2 Bc6
15. O-O O-O-O 16. Rfd1 Be7 17. Rac1 Rxd1+ 18. Rxd1 Rd8 19. Rxd8+ Kxd8 20. Bd3
Ke8 21. Be4 Kd7 22. Kf1 Bxe4 23. Nxe4 h6 24. Ke2 Kc6 25. Kd3 Kd5 26. Nc3+ Kc6
27. Ke4 Bc5 28. f3 Bb4 29. f5 exf5+ 30. Kxf5 Bxc3 31. bxc3 Kd5 32. c4+ Kxc4 33.
Ke4 b5 34. f4 Kc5 35. g4 a5 36. g5 b4 37. Kf5 hxg5 38. fxg5 a4 39. g6 fxg6+ 40.
Kxg6 b3 41. e6 b2 42. e7 b1=Q+ 43. Kxg7 Qb7 44. Kf8 Qf3+ 45. Kg8 Qg4+ 46. Kf8
Qf5+ 47. Kg7 Qe6 0-1